000
00278nam a2200109Ia 4500
008
220120s9999||||xx |||||||||||||| ||und||
100
_a
Pylee, M.V
245
0
_a
Indian constitution
260
_a
S. Chand & company Ltd.
_c
2005
300
_b
0
650
_a
DATA COMMUNICATION
_9
1124
999
_c
136976
_d
136976